Lidská dimenze mezinárodní politiky

Na minha lista:
Detalhes bibliográficos
Autor principal: Zemanová, Štěpánka
Autor Corporativo: Vysoká škola ekonomická v Praze. Fakulta mezinárodních vztahů
Formato: Livro
Idioma:tcheco
Publicado em: Praha Vysoká škola ekonomická. Nakladatelství Oeconomica 2004
Assuntos:
Tags: Adicionar Tag
Sem tags, seja o primeiro a adicionar uma tag!

MARC

LEADER 00000nam$a2200000$$$4500
001 0044517
005 20221107074126.5
020 |a 80-245-0769-2 
041 0 |a cze 
044 |a CZ 
245 1 0 |a Lidská dimenze mezinárodní politiky  |c Štěpánka Zemanová a kolektiv 
264 1 |a Praha  |b Vysoká škola ekonomická. Nakladatelství Oeconomica  |c 2004 
300 |a 260 s. 
610 2 0 |a politika medzinárodná 
610 2 0 |a ochrana ľudských práv 
610 2 0 |a dejiny 
610 2 0 |a internacionalizácia 
610 2 0 |a deklarácia 
610 2 0 |a práva ľudské 
610 2 0 |a otrokárstvo 
610 2 0 |a vojny 
610 2 0 |a menšiny národnostné 
610 2 0 |a organizácie medzinárodné 
610 2 0 |a ženy 
610 2 0 |a diskriminácia rasová 
610 2 0 |a Česko 
610 2 0 |a Európska únia 
610 2 0 |a Amerika 
100 1 |a Zemanová, Štěpánka 
710 2 |a Vysoká škola ekonomická v Praze. Fakulta mezinárodních vztahů